Global maritime transport and ballast water management : issues and solutions

Αποθηκεύτηκε σε:
Λεπτομέρειες βιβλιογραφικής εγγραφής
Άλλοι συγγραφείς: David, Matej (Επιμελητής έκδοσης), Gollasch, Stephan (Επιμελητής έκδοσης)
Μορφή: Βιβλίο
Γλώσσα:English
Δημοσίευση: New York ; London : Springer, c2015.
Σειρά:Invading nature - Springer series in invasion ecology ;
Θέματα:
Ετικέτες: Προσθήκη ετικέτας
Δεν υπάρχουν, Καταχωρήστε ετικέτα πρώτοι!

MARC

LEADER 00000nam a2200000 a 4500
001 1/112002
008 160920t2015####us | ||| |||| ||eng||
020 |a 9789401793667   |q (σκληρό εξώφυλλο)  
040 |a GR-MyUa  |b gre  |c GR-MyUa  |e AACR2 
041 0 |a eng 
082 7 |a 363.78   |2 (23)  
245 0 0 |a Global maritime transport and ballast water management :   |b issues and solutions /   |c edited by Matej David and Stephan Gollasch.  
260 |a New York ;   |a London :   |b Springer,   |c c2015.  
300 |a xv, 306 σ. :   |b διαγρ., πίν., φωτ. ;   |c 24 εκ.  
504 |a Περιλαμβάνει βιβλιογραφικές παραπομπές και ευρετήριο.  
650 0 |a Marine resources conservation. 
650 0 |a Ballast water. 
650 0 |a Discharge of ballast water. 
650 0 |a Shipping  |x Environmental aspects. 
700 1 |a David, Matej,  |e edt 
700 1 |a Gollasch, Stephan,  |e edt 
830 0 |a Invading nature - Springer series in invasion ecology ;   |n v. 8. 
852 |a INST  |b CHIOS  |c EUDOXUS  |e 20160920  |h 363.78 GLO  |p 005200039053  |q 005200039053  |t BK  |y 0 
920 |a Εύδοξος  |b Παραγγελία  |y Χίος-ΤΝΕΥ  |z 2016-07 
970 |a Σπέντζα  |b Ελένη  |z 20-09-2016